| 000 | 02632nkm0a2200469 4500 | ||
|---|---|---|---|
| 001 | RU\NLR\BIBL_A\022687914 | ||
| 005 | 20260407133553.0 | ||
| 035 | _a(NLR Aleph) 022687914 | ||
| 090 |
_a13540088 _c13540088 |
||
| 100 | _a20251215d1916 u y0rusy50 ca | ||
| 101 | 0 | _arus | |
| 102 | _aRU | ||
| 116 | _aiiycxx bf ad | ||
| 135 | _acrcn 024anaba | ||
| 181 | 0 |
_ab4 _bxb2e |
|
| 182 | 0 | _an | |
| 200 | 1 |
_aРазорванные цепи _eреж. Евг. Бауэр _eфабрики акц. о-ва А. Ханжонков и К°, Москва _e[плакат] |
|
| 203 |
_aИзображение _bнеподвижное _bдвухмерное _bвизуальное _cнепосредственное |
||
| 210 |
_aМосква _cРусс. т-во "Рустипо" _d1916 |
||
| 215 |
_a1 л. _cцв. литограф. _d126,9х86,3 |
||
| 300 | _aНа л. факс. подписи художника "П. Житков" | ||
| 300 | _aНа изобр. справа внизу фабр. знак акц. об-ва "Ханжонков и К°" | ||
| 300 | _aЦенз. разреш.: "Печатать разрешается. Москва, 29 сентября 1916 г. Пристав 2-го уч. Тверской части" | ||
| 325 | _aКопия доступна в Электрон. б-ке РНБ | ||
| 606 | 1 |
_aКиноплакат русский _z1908 - 1919 _92508567 _3RU\NLR\AUTH\6601702435 |
|
| 686 | 1 | _aЩ153(2Р=Рус)53-465 | |
| 700 | 1 |
_aЖитков _bП. _4040 |
|
| 712 | 0 | 2 |
_4570 _a"Ханжонков, А. и К°", акционерное общество _cМосква _3RU\NLR\AUTH\889997903 _9493076 |
| 712 | 0 | 2 |
_4610 _aРусское товарищество печатного и издательского дела _bТиполитография _cМосква _9864928 _3RU\NLR\AUTH\880599998 |
| 830 | _aДатировка по: Вишневский В. Художественные фильмы дореволюционной России (Фильмографическое описание). - М., Госкиноиздат, 1945. - № 1339 | ||
| 852 | 0 | 0 |
_aNLR _bЭ _jАфИс900-II/Р176,1 _mинв.155508 |
| 852 | 0 | 0 |
_aNLR _bЭ _jАфИс900-II/Р176,1 |
| 856 | 0 | _uhttps://vivaldi.nlr.ru/la700001392/view | |
| 856 | 1 | _uhttps://vivaldi.nlr.ru/la700001392/cover | |
| 856 | 2 | _uhttps://vivaldi.nlr.ru/la700001392/text | |
| 942 | _cVISUAL | ||
| 980 | _aNB | ||
| 981 | 1 | 7 |
_a(17) Изографические материалы _b(17) Плакаты |